| 000 | 00385nam a22001337a 4500 | ||
|---|---|---|---|
| 020 | _a9780198062820 | ||
| 082 | _a322.108 COP | ||
| 100 | _aCopley, Antony | ||
| 245 | _aHinduism in Public and Private: Reform, Hindutva, Gender and Sampraday | ||
| 260 |
_aNew Delhi _bOxford University Press _c2003 |
||
| 300 | _a303 | ||
| 650 | _aRelation of the State to Organized Groups | ||
| 942 | _cBK | ||
| 999 |
_c23103 _d23103 |
||